Deux versions hébraïques du livre de Kalîlâh et Dimnâh (Registro nro. 152936)

Detalles MARC
000 -LEADER
campo de control de longitud fija 01053nam a22002295i 4500
001 - NÚMERO DE CONTROL
campo de control 152936
003 - IDENTIFICADOR DE NÚMERO DE CONTROL
campo de control ES-MaACL
005 - FECHA Y HORA DE LA ÚLTIMA TRANSACCIÓN
campo de control 20250820135754.0
008 - DATOS DE LONGITUD FIJA--INFORMACIÓN GENERAL
campo de control de longitud fija 010713s1881 fr |||| | heb d
040 ## - FUENTE DE CATALOGACIÓN
Centro catalogador/agencia de origen CAM
Lengua de catalogación spa
Centro/agencia transcriptor CAM
080 ## - NÚMERO DE LA CLASIFICACIÓN DECIMAL UNIVERSAL
Número de la Clasificación Decimal Universal 821.411.21-31"07"
130 0# - ENTRADA PRINCIPAL--TÍTULO UNIFORME
Título uniforme Calila y Dimna.
Lenguaje de la obra Hebreo.
9 (RLIN) 146170
245 10 - MENCIÓN DEL TÍTULO
Título Deux versions hébraïques du livre de Kalîlâh et Dimnâh
Resto del título : la première accompagnée d'une traduction française /
Mención de responsabilidad, etc. publiées d'après les manuscrits de Paris et d'Oxford par Joseph Derenbourg.
260 ## - PUBLICACIÓN, DISTRIBUCIÓN, ETC.
Lugar de publicación, distribución, etc. Paris :
Nombre del editor, distribuidor, etc. F. Viewg,
Fecha de publicación, distribución, etc. 1881 (
Lugar de fabricación/manufactura Vienne :
Fabricante Typ. Adolphe Holzhausen)
300 ## - DESCRIPCIÓN FÍSICA
Extensión X, 395 p. ;
Dimensiones 26 cm.
490 1# - MENCIÓN DE SERIE
Mención de serie Bibliothéque de l'école des hautes études. Sciences philologiques et historiques ;
Designación de volumen o secuencia 49
546 ## - NOTA DE IDIOMA
Nota de lengua/lenguaje Texto en hebreo y traducción en francés.
700 1# - ENTRADA AGREGADA--NOMBRE PERSONAL
Nombre de persona Derenbourg, Joseph,
Fechas asociadas al nombre 1811-1895
9 (RLIN) 126760
830 00 - PUNTO DE ACCESO ADICIONAL DE SERIE-TÍTULO UNIFORME
Título uniforme Bibliothèque de l'École des Hautes Études. Sciences historiques et philologiques
Designación de volumen o secuencia 49
9 (RLIN) 229685
852 ## - LOCALIZACIÓN
Ubicación ES-MaACL
Número de control de estantería C-7585
Nota libre -- Enc. hol.
Existencias
Estatus retirado Estado de pérdida Estado de daño No para préstamo Colección Biblioteca de origen Biblioteca actual Ubicación en estantería Fecha de adquisición Total de préstamos Signatura topográfica completa Código de barras Visto por última vez Precio de reemplazo Tipo de ítem Koha
        Libros del s. XIX Biblioteca del Ateneo de Madrid Biblioteca del Ateneo de Madrid Sala Palomar 17/01/2008   C-7585 1159744 23/02/2023 23/02/2023 Libro impreso antiguo